Preproyecto de una planta para la producción de vinagre a partir de banano

Sábháilte in:
Sonraí bibleagrafaíochta
Príomhchruthaitheoir: González Miranda, Edwin
Formáid: LEABHAR
Foilsithe / Cruthaithe: San José, C.R. 2003
Ábhair:
Clibeanna: Cuir clib leis
Níl clibeanna ann, Bí ar an gcéad duine le clib a chur leis an taifead seo!

MARC

LEADER 00000nam a2200000Ia 4500
003 009118
005 20221231144149.0
008 140114s2003 cr a m 000 ||s d
040 |c cru CEDI 
090 |a TFG 4661 
100 |a González Miranda, Edwin   |9 7099 
245 |a Preproyecto de una planta para la producción de vinagre a partir de banano  
260 |c 2003  |a  San José, C.R. 
300 |a xii, 123 hojas : ilustraciones  
500 |a  Proyecto de graduación (licenciatura en ingeniería química)--Universidad de Costa Rica. Facultad de Ingeniería. Escuela de Ingeniería Química 
650 |x VINAGRE   |x BANANOS   |x FERMENTACION   |x INVESTIGACIONES   |x VINAGRE   |x  PRODUCCION   |x MERCADEO  |9 7100 
942 |c TFG 
999 |c 17817  |d 17817